| 000 | 01238nam a22004210a 4500 | ||
|---|---|---|---|
| 001 | UByD002043 | ||
| 003 | AR-LpoUNG | ||
| 005 | 20231014110652.0 | ||
| 008 | 230923s2017||||ag |||||||||||||||||spa d | ||
| 020 | _a9789876302678 | ||
| 040 |
_aAR-LpoUNG _bspa _eaacr |
||
| 041 | _aspa | ||
| 044 | _aag | ||
| 082 | 0 | _a418.4 665seg | |
| 100 | 1 | _aNieto, Facundo | |
| 245 | 1 | 0 |
_aSegundas letras : _bdiscursos oficiales sobre la lectura en la escuela secundaria (2003-2013) |
| 250 | _a1ra. ed. | ||
| 260 |
_aBuenos Aires: _bUniversidad Nacional de General Sarmiento, _c2017. |
||
| 300 |
_a207 p. : _bfot. |
||
| 490 | 0 |
_aEducación ; _vnro. 22. |
|
| 650 | 4 | _aEDUCACION | |
| 650 | 4 | _aLITERATURA | |
| 650 | 4 | _aEVALUACION DE LA EDUCACION | |
| 650 | 4 | _aCONTROL ESCOLAR | |
| 650 | 4 | _aGRAMATICA | |
| 650 | 4 | _aLECTURA | |
| 650 | 4 | _aENSEÑANZA DE LA LECTURA | |
| 650 | 4 | _aENSEÑANZA DE LA ESCRITURA | |
| 650 | 4 | _aENSEÑANZA DE LA LITERATURA | |
| 650 | 4 | _aMETODOS DE ENSEÑANZA | |
| 650 | 4 | _aENSEÑANZA DE LAS CIENCIAS SOCIALES | |
| 650 | 4 | _aLINGÜISTICA | |
| 650 | 4 | _aEVALUACION DE CONOCIMIENTOS ANTERIORES | |
| 650 | 4 | _aENSEÑANZA SECUNDARIA | |
| 653 | 0 | _aLENGUA Y LITERATURA | |
| 905 | _a53600 | ||
| 942 |
_cLIB _2ddc |
||
| 999 |
_c64556 _d64556 |
||